000 00323cam a22001097a 4500
008 180718b2005 xxu||||| |||| 00| 0 eng d
020 _a817881434X
245 _aSri Lankan economy: policies and achievements
_cedited by V.V. Ramani
260 _aHyderabad
_bICFAI Univ. Press
_c2005
300 _a180p.
700 _aRamani, V.V.
999 _c404888
_d404888